| 000 | 00925nam a22002657a 4500 | ||
|---|---|---|---|
| 001 | 4899 | ||
| 003 | FISKH | ||
| 005 | 20241023122251.0 | ||
| 008 | 241023b cb ||||| |||| 00| 0 eng d | ||
| 020 | _a9780545249799 | ||
| 040 |
_aFISKH _beng _cFISKH _dFISKH |
||
| 100 | _aBecker, Tom | ||
| 245 |
_aA Zombie's Guide To The Human Body : _bTasty Tidbits From Head To Toe / _cby Tom Becker |
||
| 250 | _aFirst printing , September 2010 | ||
| 260 |
_aNew York : _bScholastic ; _c2010 . |
||
| 300 |
_a96 pages : _bcolor illustrations ; _c24 cm . |
||
| 505 | _aZ | ||
| 520 | _aIntroduces young readers to every part of the human body, from head to toe, with illustrated zombies providing information on bones, muscles, veins, and organs. | ||
| 521 | 8 |
_a930
_bLexile |
|
| 521 | 8 |
_aZ
_bRaz-Plus |
|
| 650 |
_aanatomy _vnon-fiction |
||
| 700 |
_aGrossblatt, Ben _eeditor |
||
| 942 |
_2ddc _cBK _n0 |
||
| 999 |
_c4899 _d4899 |
||